|
|
|
|
| LEADER |
00000nab a2200000 a 4500 |
| 001 |
vtls000467479 |
| 003 |
SK-MaSNL |
| 005 |
20260318124203.0 |
| 008 |
120926c1991 xo 0 ukr |
| 015 |
|
|
|a SNBRB19rr/mm-uuuuu
|
| 035 |
|
|
|a CL0467612
|
| 040 |
|
|
|a SNKBUCL
|b slo
|c SNKBUCL
|e AACR2
|
| 041 |
0 |
|
|a ukr
|
| 044 |
|
|
|a xo
|c SK
|
| 080 |
|
|
|a 82(091):883"18"=83
|2 1981
|
| 080 |
|
|
|a 883"18"=83
|2 1981
|
| 080 |
|
|
|a 883(091)"18"
|2 1981
|
| 080 |
|
|
|a 82
|2 1981
|
| 080 |
|
|
|a 05
|2 1981
|
| 080 |
|
|
|a 929
|2 1981
|
| 080 |
|
|
|a 883
|2 1981
|
| 080 |
|
|
|a 929 Ševčenko, Taras Hryhorovyč
|2 1981
|
| 100 |
1 |
|
|a Roman, Michal,
|d 1930-
|4 aut
|9 90937
|
| 245 |
1 |
0 |
|a Novi storinky našoji ševčenkiany
|b Do 177-riččja z dňa narodžennja T. H. Ševčenka
|c Mychajlo Roman ; Taras Hryhorovyč Ševčenko
|
| 500 |
|
|
|a V rubrike Žyttja pobratymiv na Ukrajini.
|
| 600 |
1 |
7 |
|a Ševčenko, Taras Hryhorovyč,
|d 1814-1861
|2 snkbucl
|9 117034
|
| 650 |
0 |
7 |
|a Ševčenko, Taras Hryhorovyč,
|d 1814-1861
|2 snkbucl
|9 919992
|
| 650 |
0 |
7 |
|a Russkoje slovo (časopis)
|2 snkbucl
|9 1333778
|
| 651 |
|
7 |
|a Ukrajina
|2 snkbucl
|9 168045
|
| 655 |
|
7 |
|a články z novín a časopisov
|2 snkbucl
|9 267496
|
| 655 |
|
7 |
|a články z odboru literárna veda a krásna literatúra
|2 snkbucl
|9 770045
|
| 773 |
0 |
|
|t Nove žyttja
|g Roč. 41, č. 12 (1991), s. 10
|
| 850 |
|
|
|a Slovenská národná knižnica v Martine
|a MTA001
|
| 852 |
|
|
|a SNK
|b KIS3GCP
|
| 958 |
|
|
|a RK
|
| 958 |
|
|
|a LX
|
| 992 |
|
|
|a RBX
|
| 999 |
|
|
|c 2778045
|d 2779975
|